[Event "GER-ch Net blitz qual4"]
[Site "Playchess.com INT"]
[Date "2021.05.10"]
[Round "3"]
[White "Schulz, Bernd"]
[Black "Acton, Fynn Jona"]
[Result "0-1"]
[WhiteElo "1810"]
[BlackElo "1581"]
[PlyCount "46"]
[EventDate "2021.05.10"]
[EventType "swiss (blitz)"]
[EventRounds "11"]
[EventCountry "GER"]
[SourceTitle "CBM 202 Extra"]
[Source "ChessBase"]
[SourceDate "2021.07.31"]
[SourceVersion "1"]
[SourceVersionDate "2021.07.31"]
[SourceQuality "1"]

1. e4 e5 2. Nf3 Nc6 3. Bc4 Bc5 4. c3 Nf6 5. d4 exd4 6. cxd4 Bb4+ 7. Nc3 d5 8. exd5 Nxd5 9. Qb3 Bxc3+ 10. bxc3 Be6 11. Ng5 Na5 12. Qa4+ c6 13. Nxe6 fxe6 14. Bxd5 exd5 15. 0-0 0-0 16. Ba3 Rf7 17. Qc2 Nc4 18. Bb2 Qg5 19. Rad1 Raf8 20. Ba1 Ne3 21. f4 Rxf4 22. Qe2 Rxf1+ 23. Rxf1 Rxf1+ 0-1

[Event "GER-ch Net blitz qual3"]
[Site "Playchess.com INT"]
[Date "2021.05.07"]
[Round "3"]
[White "Acton, Fynn Jona"]
[Black "Schulz, Bernd"]
[Result "0-1"]
[WhiteElo "1583"]
[BlackElo "1824"]
[PlyCount "152"]
[EventDate "2021.05.07"]
[EventType "swiss (blitz)"]
[EventRounds "11"]
[EventCountry "GER"]
[SourceTitle "CBM 202 Extra"]
[Source "ChessBase"]
[SourceDate "2021.07.31"]
[SourceVersion "1"]
[SourceVersionDate "2021.07.31"]
[SourceQuality "1"]

1. e4 e5 2. Nf3 Nc6 3. Bb5 Bc5 4. 0-0 d6 5. d4 exd4 6. Nxd4 Bd7 7. Nxc6 bxc6 8. Bc4 Ne7 9. Be3 Bxe3 10. fxe3 0-0 11. Qh5 Ng6 12. Nd2 Qe7 13. Nf3 h6 14. Qxg6 d5 15. Bxd5 cxd5 16. Qg3 Qxe4 17. Qf2 Rfe8 18. Rfe1 Rab8 19. c3 Re6 20. Rad1 Rf6 21. Rd4 Qe6 22. Qg3 Qd6 23. Qxd6 Rxd6 24. b3 c6 25. Ne5 Be8 26. Nc4 Re6 27. Nb2 f6 28. Na4 Bg6 29. Nc5 Ree8 30. b4 a5 31. a3 axb4 32. Rxb4 Rxb4 33. cxb4 Ra8 34. Ra1 Kf7 35. Kf2 Ke7 36. Ke2 Kd6 37. Kd2 Be4 38. Nxe4+ dxe4 39. Kc3 c5 40. b5 g5 41. a4 f5 42. a5 f4 43. exf4 gxf4 44. a6 Kc7 45. Kc4 Kb6 46. Kc3 Kxb5 47. Kd2 Rxa6 48. Rb1+ Kc6 49. Rc1 Ra2+ 50. Rc2 Rxc2+ 51. Kxc2 Kd5 52. Kd2 Kd4 53. Ke2 c4 54. Kd2 c3+ 55. Kc2 Kc4 56. g3 f3 57. g4 e3 58. g5 hxg5 59. h4 gxh4 60. Kd1 h3 61. Ke1 Kd3 62. Kf1 c2 63. Kg1 c1Q+ 64. Kh2 Qd2+ 65. Kg3 Qf2+ 66. Kg4 e2 67. Kxh3 Qg1 68. Kh4 f2 69. Kh5 f1Q 70. Kh4 e1Q+ 71. Kh5 Ke4 72. Kh6 Kf5 73. Kh7 Kf6 74. Kh8 Qe8+ 75. Kh7 Qgg8+ 76. Kh6 Qf4# 0-1

[Event "GER-ch Net blitz qual3"]
[Site "Playchess.com INT"]
[Date "2021.05.07"]
[Round "6"]
[White "Schulz, Bernd"]
[Black "Kuerschner, Matthias"]
[Result "0-1"]
[WhiteElo "1824"]
[BlackElo "2106"]
[PlyCount "66"]
[EventDate "2021.05.07"]
[EventType "swiss (blitz)"]
[EventRounds "11"]
[EventCountry "GER"]
[SourceTitle "CBM 202 Extra"]
[Source "ChessBase"]
[SourceDate "2021.07.31"]
[SourceVersion "1"]
[SourceVersionDate "2021.07.31"]
[SourceQuality "1"]

1. e4 Nc6 2. d4 d5 3. exd5 Qxd5 4. Nf3 Bg4 5. Be2 0-0-0 6. c3 e5 7. dxe5 Qxd1+ 8. Bxd1 Nxe5 9. 0-0 Nxf3+ 10. Bxf3 Bxf3 11. gxf3 Bd6 12. Be3 Ne7 13. Nd2 Ng6 14. Nc4 f6 15. Bxa7 b6 16. Bxb6 cxb6 17. Nxb6+ Kb7 18. Nc4 Nh4 19. Rad1 Bc7 20. Ne3 Nxf3+ 21. Kg2 Ng5 22. Rxd8 Rxd8 23. Rd1 Rxd1 24. Nxd1 Kc6 25. h4 Ne6 26. Kf3 h5 27. Ke4 g5 28. Kf5 Kd7 29. hxg5 fxg5 30. Ne3 Bf4 31. Nd5 h4 32. Nxf4 Nxf4 33. Kxg5 h3 0-1

[Event "GER-ch Net blitz qual3"]
[Site "Playchess.com INT"]
[Date "2021.05.07"]
[Round "9"]
[White "Schulz, Bernd"]
[Black "Retzlaff, Wolfgang"]
[Result "1-0"]
[WhiteElo "1824"]
[BlackElo "1620"]
[PlyCount "71"]
[EventDate "2021.05.07"]
[EventType "swiss (blitz)"]
[EventRounds "11"]
[EventCountry "GER"]
[SourceTitle "CBM 202 Extra"]
[Source "ChessBase"]
[SourceDate "2021.07.31"]
[SourceVersion "1"]
[SourceVersionDate "2021.07.31"]
[SourceQuality "1"]

1. e4 c6 2. d4 d5 3. exd5 cxd5 4. Nf3 Bf5 5. c4 Nf6 6. Be2 e6 7. 0-0 Bd6 8. Nc3 0-0 9. Bg5 Nbd7 10. cxd5 exd5 11. Nxd5 h6 12. Bh4 g5 13. Nxf6+ Nxf6 14. Bg3 Bxg3 15. hxg3 Qb6 16. Qb3 Qxb3 17. axb3 Nd5 18. Bc4 Nb6 19. Rfe1 Rad8 20. Rad1 Bg4 21. Rd2 Kg7 22. Ne5 Bf5 23. g4 Bh7 24. Nf3 Nd5 25. Bxd5 Rxd5 26. Re7 Rb5 27. Re3 Rd8 28. Rc3 Rd6 29. Re2 Rdb6 30. Ree3 Bb1 31. Nd2 Bg6 32. Nc4 Ra6 33. Ne5 Bh7 34. Rc7 Ra2 35. Rxf7+ Kg8 36. Ref3 1-0

[Event "GER-ch Net blitz qual3"]
[Site "Playchess.com INT"]
[Date "2021.05.07"]
[Round "4"]
[White "Schulz, Bernd"]
[Black "Wend, Uwe"]
[Result "1/2-1/2"]
[WhiteElo "1824"]
[BlackElo "2047"]
[PlyCount "108"]
[EventDate "2021.05.07"]
[EventType "swiss (blitz)"]
[EventRounds "11"]
[EventCountry "GER"]
[SourceTitle "CBM 202 Extra"]
[Source "ChessBase"]
[SourceDate "2021.07.31"]
[SourceVersion "1"]
[SourceVersionDate "2021.07.31"]
[SourceQuality "1"]

1. e4 c5 2. c3 d5 3. exd5 Qxd5 4. d4 Nc6 5. Nf3 Bg4 6. Be2 e6 7. 0-0 Nf6 8. h3 Bh5 9. Bf4 0-0-0 10. dxc5 Bxc5 11. Qc2 Bg6 12. Qb3 Qe4 13. Qc4 Bd6 14. Bxd6 Rxd6 15. Qxe4 Nxe4 16. Rd1 Rhd8 17. Na3 f6 18. Rxd6 Rxd6 19. Rd1 Rxd1+ 20. Bxd1 a6 21. Nc4 Kc7 22. Nfd2 b5 23. Nxe4 Bxe4 24. Nd2 Bd3 25. f4 e5 26. g3 exf4 27. gxf4 Kd6 28. Kf2 Bf5 29. h4 Kc5 30. Ke3 b4 31. cxb4+ Nxb4 32. a3 Nd5+ 33. Kf3 Kd4 34. Be2 Kc5 35. Bc4 Nc7 36. Ke3 a5 37. Bg8 h6 38. Ne4+ Kc6 39. Nc3 Ne6 40. Bxe6 Bxe6 41. Kd4 Bb3 42. Ne4 Bc2 43. Nc5 g5 44. fxg5 fxg5 45. hxg5 hxg5 46. Ne6 g4 47. Ke3 Bd1 48. b4 axb4 49. axb4 Kb5 50. Kf4 Kxb4 51. Nd4 Kc4 52. Nf5 Kd3 53. Ne3 Bf3 54. Nxg4 Bxg4 1/2-1/2

[Event "GER-ch Net blitz qual2"]
[Site "Playchess.com INT"]
[Date "2021.05.04"]
[Round "8"]
[White "Noetzel, Felix"]
[Black "Schulz, Bernd"]
[Result "1-0"]
[WhiteElo "1962"]
[BlackElo "1770"]
[PlyCount "69"]
[EventDate "2021.05.04"]
[EventType "swiss (blitz)"]
[EventRounds "11"]
[EventCountry "GER"]
[SourceTitle "CBM 202 Extra"]
[Source "ChessBase"]
[SourceDate "2021.07.31"]
[SourceVersion "1"]
[SourceVersionDate "2021.07.31"]
[SourceQuality "1"]

1. c4 e6 2. g3 d5 3. Bg2 c6 4. cxd5 exd5 5. Nf3 Nf6 6. 0-0 Bd6 7. b3 0-0 8. Bb2 Bf5 9. d3 Nbd7 10. Nbd2 Re8 11. Re1 h6 12. Nh4 Bh7 13. e4 dxe4 14. dxe4 Be5 15. Qc2 Bxb2 16. Qxb2 Nc5 17. Qc2 Nd3 18. Re3 Ne5 19. h3 Qb6 20. Nc4 Nxc4 21. Qxc4 Rad8 22. Rae1 Rd4 23. Qc2 Red8 24. R3e2 Nd5 25. Nf5 Nb4 26. Qb1 Rd2 27. Qc1 Nxa2 28. Qxd2 Rxd2 29. Rxd2 Bxf5 30. exf5 Nc3 31. Re8+ Kh7 32. Rdd8 g6 33. f6 g5 34. Rg8 Nd5 35. Rg7# 1-0

[Event "GER-ch Net blitz qual2"]
[Site "Playchess.com INT"]
[Date "2021.05.04"]
[Round "7"]
[White "Schulz, Bernd"]
[Black "Acton, Fynn Jona"]
[Result "1-0"]
[WhiteElo "1770"]
[BlackElo "1548"]
[PlyCount "175"]
[EventDate "2021.05.04"]
[EventType "swiss (blitz)"]
[EventRounds "11"]
[EventCountry "GER"]
[SourceTitle "CBM 202 Extra"]
[Source "ChessBase"]
[SourceDate "2021.07.31"]
[SourceVersion "1"]
[SourceVersionDate "2021.07.31"]
[SourceQuality "1"]

1. e4 e5 2. Nf3 Nc6 3. Bc4 Bc5 4. c3 Nf6 5. d4 exd4 6. cxd4 Bb4+ 7. Nc3 Nxe4 8. 0-0 Nxc3 9. bxc3 Bxc3 10. Bxf7+ Kxf7 11. Qb3+ d5 12. Qxc3 Rf8 13. Ba3 Re8 14. Ne5+ Nxe5 15. dxe5 Kg8 16. f4 Bf5 17. h3 b6 18. Rac1 c5 19. g4 Be4 20. f5 Qg5 21. Rcd1 Rad8 22. Qg3 h5 23. Bc1 Qe7 24. Bf4 h4 25. Qe3 Qb7 26. Bg5 d4 27. Qf4 Bh1 28. Rf2 Rc8 29. Bxh4 Bc6 30. f6 g6 31. f7+ Kf8 32. fxe8Q+ Kxe8 33. Qf8+ Kd7 34. Rf7+ Ke6 35. Rxb7 Rxf8 36. Rxa7 Kxe5 37. Ra6 Kd5 38. Rxb6 Rf3 39. Kg2 Ra3 40. Rb2 c4 41. Rf2 c3 42. Rf6 Ke4 43. Rxc6 Kd5 44. Rc8 Ke4 45. Rd8 Rxa2+ 46. Kg3 Ke3 47. R8xd4 c2 48. R4d3+ Ke4 49. Rd5 cxd1Q 50. Rxd1 Ra5 51. Re1+ Kd3 52. Rf1 g5 53. Bxg5 Rxg5 54. Kf4 Rg8 55. Re1 Kd2 56. Re7 Rh8 57. Kg3 Kd3 58. h4 Kd4 59. g5 Kd5 60. Kg4 Kd6 61. Re1 Rc8 62. Kh5 Rh8+ 63. Kg4 Rc8 64. h5 Rc4+ 65. Kf5 Rc5+ 66. Kg6 Kd7 67. h6 Rc6+ 68. Kg7 Kc7 69. h7 Kb7 70. h8Q Rc7+ 71. Kh6 Ka7 72. Qg7 Ka8 73. Ra1+ Kb7 74. Qxc7+ Kxc7 75. g6 Kb7 76. Rd1 Kc8 77. Kg7 Kb7 78. Kf7 Kc6 79. Ke7 Kb7 80. Kd6 Kb6 81. Rb1+ Ka5 82. Kc5 Ka4 83. Rb4+ Ka3 84. Kc4 Ka2 85. Rb3 Ka1 86. Kc3 Ka2 87. Kc2 Ka1 88. Ra3# 1-0

[Event "GER-ch Net blitz qual2"]
[Site "Playchess.com INT"]
[Date "2021.05.04"]
[Round "2"]
[White "Schulz, Bernd"]
[Black "Majcan, Tom"]
[Result "1-0"]
[WhiteElo "1770"]
[BlackElo "1620"]
[PlyCount "109"]
[EventDate "2021.05.04"]
[EventType "swiss (blitz)"]
[EventRounds "11"]
[EventCountry "GER"]
[SourceTitle "CBM 202 Extra"]
[Source "ChessBase"]
[SourceDate "2021.07.31"]
[SourceVersion "1"]
[SourceVersionDate "2021.07.31"]
[SourceQuality "1"]

1. e4 c5 2. c3 e6 3. d4 cxd4 4. cxd4 a6 5. a4 d6 6. Nf3 Nd7 7. Be2 h6 8. Be3 g5 9. Nc3 Ngf6 10. h3 Bg7 11. Rc1 0-0 12. 0-0 b6 13. Nd2 Bb7 14. Bf3 Rb8 15. Be2 Rc8 16. f4 gxf4 17. Bxf4 Qe7 18. Bf3 e5 19. Be3 Rb8 20. dxe5 Nxe5 21. Bxb6 Nfd7 22. Be3 Nxf3+ 23. Qxf3 Ne5 24. Qe2 Ra8 25. Nc4 a5 26. Nxe5 Qxe5 27. Bf4 Qe6 28. Rcd1 Ba6 29. Nb5 Qb3 30. Bxd6 Rfe8 31. Qf3 Qxf3 32. Rxf3 Rxe4 33. Ba3 Rae8 34. Nd6 Re2 35. Nxe8 Rxe8 36. Rdf1 Bxf1 37. Kxf1 Rc8 38. Rf5 Rc1+ 39. Ke2 Rc2+ 40. Kf3 Be5 41. Rxe5 Rc1 42. Rxa5 Kh7 43. Rf5 Kg6 44. Rf4 Kg5 45. Kg3 Rd1 46. Rxf7 Rd3+ 47. Rf3 Rd4 48. Rc3 h5 49. Rc5+ Kg6 50. a5 h4+ 51. Kh2 Rd6 52. b4 Ra6 53. Rb5 Kf6 54. Rb6+ Rxb6 55. axb6 1-0

[Event "DSOL 03 Liga Gr-A 1st"]
[Site "Playchess.com INT"]
[Date "2020.07.17"]
[Round "4.3"]
[White "Hoyer, Olaf"]
[Black "Schulz, Bernd"]
[Result "1-0"]
[WhiteElo "1800"]
[BlackElo "1798"]
[PlyCount "73"]
[EventDate "2020.06.22"]
[EventType "team-tourn (rapid)"]
[EventCountry "GER"]
[SourceTitle "EXT 2021"]
[Source "ChessBase"]
[SourceDate "2020.10.23"]
[SourceVersion "1"]
[SourceVersionDate "2020.10.23"]
[SourceQuality "1"]
[WhiteTeam "Braunschweig Gliesmarode"]
[BlackTeam "Wismar ASV Gruen-Weiss"]
[WhiteTeamCountry "GER"]
[BlackTeamCountry "GER"]

1. Nf3 Nf6 2. c4 d5 3. cxd5 Nxd5 4. e4 Nf6 5. Nc3 c6 6. d4 Bg4 7. Be2 e6 8. h3 Bh5 9. Bf4 Bb4 10. Qb3 Qb6 11. Qc2 Bxf3 12. Bxf3 Qxd4 13. Rd1 Qc5 14. 0-0 e5 15. Bg5 Nbd7 16. Rd3 0-0 17. Rfd1 Qe7 18. Rxd7 Qxd7 19. Rxd7 Nxd7 20. Qb3 Bxc3 21. bxc3 b6 22. Qd1 Nc5 23. Be7 Rfe8 24. Bxc5 bxc5 25. Qd6 f6 26. Qxc5 a5 27. Bg4 Rf8 28. Qxc6 Rab8 29. Qa4 Ra8 30. c4 g6 31. Be6+ Kg7 32. c5 f5 33. Qd7+ Kh6 34. exf5 Rad8 35. Qe7 gxf5 36. Bf7 e4 37. Qf6# 1-0

[Event "GER Cup Net Final-B U2000"]
[Site "Playchess.com INT"]
[Date "2020.06.06"]
[Round "8"]
[White "Schulz, Bernd"]
[Black "Gley, Reinhard"]
[Result "1/2-1/2"]
[WhiteElo "1711"]
[BlackElo "1853"]
[PlyCount "83"]
[EventDate "2020.06.06"]
[EventType "swiss (blitz)"]
[EventRounds "13"]
[EventCountry "GER"]
[SourceTitle "CBM 197 Extra"]
[Source "ChessBase"]
[SourceDate "2020.09.30"]
[SourceVersion "1"]
[SourceVersionDate "2020.09.30"]
[SourceQuality "1"]

1. e4 e6 2. d4 c5 3. d5 e5 4. c4 d6 5. f4 exf4 6. Bxf4 Be7 7. e5 dxe5 8. Bxe5 Bf6 9. Qe2 Bxe5 10. Qxe5+ Qe7 11. Nf3 Nd7 12. Qxe7+ Nxe7 13. Bd3 0-0 14. 0-0 Nf6 15. Ne5 Ng6 16. Nxg6 hxg6 17. Nc3 a6 18. a4 Bd7 19. b3 Rfe8 20. Rae1 Kf8 21. Ne4 Nxe4 22. Bxe4 f5 23. Bd3 Rxe1 24. Rxe1 Re8 25. Rxe8+ Bxe8 26. g4 f4 27. g5 Ke7 28. Kf2 Kd6 29. Kf3 Ke5 30. a5 Bf7 31. Bb1 Be8 32. Bc2 Bf7 33. d6 Kxd6 34. Kxf4 Be8 35. Be4 Bc6 36. Bxc6 bxc6 37. Ke4 Ke6 38. h3 Kd6 39. Kf4 Ke6 40. Ke4 Kd6 41. Kf4 Ke6 42. Ke4 1/2-1/2

[Event "GER Cup Net Final-B U2000"]
[Site "Playchess.com INT"]
[Date "2020.06.06"]
[Round "13"]
[White "Stangl, Anita"]
[Black "Schulz, Bernd"]
[Result "0-1"]
[WhiteElo "1768"]
[BlackElo "1696"]
[PlyCount "118"]
[EventDate "2020.06.06"]
[EventType "swiss (blitz)"]
[EventRounds "13"]
[EventCountry "GER"]
[SourceTitle "CBM 197 Extra"]
[Source "ChessBase"]
[SourceDate "2020.09.30"]
[SourceVersion "1"]
[SourceVersionDate "2020.09.30"]
[SourceQuality "1"]

1. e4 e5 2. Nf3 Nc6 3. Nc3 Nf6 4. d4 exd4 5. Nd5 h6 6. Bc4 Bc5 7. 0-0 0-0 8. Bf4 d6 9. Re1 Re8 10. Nxf6+ Qxf6 11. Bg3 Bg4 12. Qd3 Bxf3 13. gxf3 Ne5 14. Bxe5 Rxe5 15. Kh1 Rh5 16. Rg1 Re8 17. Rg2 Ree5 18. Rag1 Rh3 19. Rxg7+ Qxg7 20. Rxg7+ Kxg7 21. Qf1 Reh5 22. Qg2+ Kf8 23. Qg4 Rxh2+ 24. Kg1 Rg5 25. Kxh2 Rxg4 26. fxg4 Kg7 27. f4 Bb4 28. Kg3 Bd2 29. Kf3 b6 30. Ke2 Bc1 31. b3 Bxf4 32. Kd3 Be3 33. c3 c5 34. a3 Bg1 35. b4 dxc3 36. Kxc3 Kf6 37. Kd3 Kg5 38. Bxf7 Kxg4 39. Kc4 h5 40. Kd5 Bh2 41. bxc5 bxc5 42. Kc6 h4 43. Kb7 a5 44. Ka6 Kf4 45. Bd5 c4 46. Kxa5 c3 47. Bb3 Kxe4 48. Kb4 Kd3 49. a4 d5 50. a5 Bc7 51. a6 Bb6 52. Kb5 Ba7 53. Kc6 d4 54. Kc7 c2 55. Kb7 c1Q 56. Kxa7 Qc8 57. Bd1 Kd2 58. Kb6 Qb8+ 59. Ka5 Qa7 0-1

[Event "GER Cup Net V4 U2000"]
[Site "Playchess.com INT"]
[Date "2020.05.31"]
[Round "5"]
[White "Schulz, Bernd"]
[Black "Heinrich, John"]
[Result "1/2-1/2"]
[WhiteElo "1707"]
[BlackElo "1487"]
[PlyCount "117"]
[EventDate "2020.05.31"]
[EventType "swiss (blitz)"]
[EventRounds "9"]
[EventCountry "GER"]
[SourceTitle "EXT 2021"]
[Source "ChessBase"]
[SourceDate "2020.10.23"]
[SourceVersion "1"]
[SourceVersionDate "2020.10.23"]
[SourceQuality "1"]

1. e4 c5 2. c3 d5 3. exd5 Qxd5 4. d4 Nc6 5. Nf3 Bg4 6. Be2 Nf6 7. 0-0 cxd4 8. cxd4 e6 9. Nc3 Qd8 10. h3 Bh5 11. Qb3 Rb8 12. Bf4 Bd6 13. Bg5 0-0 14. d5 Bxf3 15. Bxf3 Nd4 16. Qd1 e5 17. Be3 Bc5 18. Na4 Nxf3+ 19. Qxf3 Bxe3 20. Qxe3 Qxd5 21. Nc3 Qa5 22. Rfe1 Rfe8 23. Rad1 Rbc8 24. a3 Qc5 25. Qxc5 Rxc5 26. Re3 Rc7 27. Nb5 Rc2 28. Rb3 a6 29. Nc3 b5 30. a4 bxa4 31. Nxa4 g6 32. Rd6 Ne4 33. Rxa6 Rc1+ 34. Kh2 Nxf2 35. Rb7 h5 36. Kg3 Ne4+ 37. Kh2 Ra1 38. Raa7 Rxa4 39. Rxa4 Nc5 40. Raa7 Nxb7 41. Rxb7 Kg7 42. Kg3 g5 43. Kf3 Kg6 44. b4 e4+ 45. Ke3 f6 46. b5 g4 47. h4 Kf5 48. Rh7 Kg6 49. Rb7 Kf5 50. b6 g3 51. Rh7 Kg4 52. b7 Kxh4 53. Rc7 Rb8 54. Kxe4 f5+ 55. Kf4 Re8 56. Rc8 Re4+ 57. Kxf5 Rb4 58. b8Q Rxb8 59. Rxb8 1/2-1/2

[Event "GER Cup Net V4 U2000"]
[Site "Playchess.com INT"]
[Date "2020.05.31"]
[Round "9"]
[White "Weidenhoefer, Max"]
[Black "Schulz, Bernd"]
[Result "1-0"]
[WhiteElo "1793"]
[BlackElo "1707"]
[PlyCount "53"]
[EventDate "2020.05.31"]
[EventType "swiss (blitz)"]
[EventRounds "9"]
[EventCountry "GER"]
[SourceTitle "EXT 2021"]
[Source "ChessBase"]
[SourceDate "2020.10.23"]
[SourceVersion "1"]
[SourceVersionDate "2020.10.23"]
[SourceQuality "1"]

1. e4 e5 2. Nf3 Nc6 3. Bc4 Bc5 4. c3 Nf6 5. d4 exd4 6. cxd4 Bb4+ 7. Nc3 Nxe4 8. 0-0 Bxc3 9. d5 Ne5 10. bxc3 Nxc4 11. Qd4 d6 12. Qxe4+ Ne5 13. Nxe5 dxe5 14. Qxe5+ Kf8 15. Ba3+ Kg8 16. Rfe1 Bd7 17. Be7 Qe8 18. Qxc7 Qd8 19. Bxd8 Ba4 20. Re4 Bb5 21. Rae1 h6 22. c4 Ba4 23. Re8+ Bxe8 24. Rxe8+ Kh7 25. Qxf7 Rxd8 26. Qf5+ g6 27. Qf7# 1-0

[Event "GER Cup Net V3 U2000"]
[Site "Playchess.com INT"]
[Date "2020.05.27"]
[Round "9"]
[White "Schulz, Bernd"]
[Black "Morczynski, Joachim"]
[Result "1-0"]
[WhiteElo "1693"]
[BlackElo "1560"]
[PlyCount "141"]
[EventDate "2020.05.27"]
[EventType "swiss (blitz)"]
[EventRounds "9"]
[EventCountry "GER"]
[SourceTitle "EXT 2021"]
[Source "ChessBase"]
[SourceDate "2020.10.23"]
[SourceVersion "1"]
[SourceVersionDate "2020.10.23"]
[SourceQuality "1"]

1. e4 c5 2. c3 Nc6 3. d4 cxd4 4. cxd4 d6 5. Nf3 g6 6. d5 Ne5 7. Nxe5 dxe5 8. Nc3 Bg7 9. Bb5+ Bd7 10. Qa4 Bxb5 11. Qxb5+ Qd7 12. 0-0 Qxb5 13. Nxb5 Kd7 14. Be3 a6 15. Na3 Nf6 16. f3 Rac8 17. Rac1 Rxc1 18. Rxc1 Rc8 19. Nc4 Kd8 20. Nxe5 Rxc1+ 21. Bxc1 Ke8 22. Nd3 Nd7 23. Be3 Kd8 24. b3 Kc7 25. Kf2 Kd6 26. Bf4+ e5 27. Be3 f5 28. Ke2 f4 29. Bf2 Bf6 30. Nb2 Bd8 31. Nc4+ Ke7 32. Kd3 b5 33. Nb2 Kd6 34. a4 Ba5 35. h3 Nc5+ 36. Bxc5+ Kxc5 37. axb5 axb5 38. Nd1 Kd6 39. Nf2 h5 40. Nd1 g5 41. Nc3 Bxc3 42. Kxc3 Kc5 43. Kd3 Kd6 44. Kc2 h4 45. Kd3 Kc5 46. Kc3 b4+ 47. Kd3 Kb5 48. d6 Kc6 49. Kc4 Kxd6 50. Kxb4 Kc6 51. Kc4 Kb6 52. Kd5 Kb5 53. Kxe5 Kb4 54. Kf5 Kxb3 55. Kxg5 Kc4 56. Kxf4 Kd4 57. Kg4 Ke5 58. Kxh4 Kf4 59. e5 Kxe5 60. Kg4 Kf6 61. Kh5 Kg7 62. Kg5 Kh7 63. Kf6 Kg8 64. g4 Kh7 65. Kf7 Kh8 66. g5 Kh7 67. g6+ Kh6 68. g7 Kh5 69. g8Q Kh6 70. Qg4 Kh7 71. Qg7# 1-0

[Event "GER Cup Net V2 U2000"]
[Site "Playchess.com INT"]
[Date "2020.05.22"]
[Round "1"]
[White "Fabregas, Oliver"]
[Black "Schulz, Bernd"]
[Result "1-0"]
[WhiteElo "1913"]
[BlackElo "1712"]
[PlyCount "57"]
[EventDate "2020.05.22"]
[EventType "swiss (blitz)"]
[EventRounds "9"]
[EventCountry "GER"]
[SourceTitle "EXT 2021"]
[Source "ChessBase"]
[SourceDate "2020.10.23"]
[SourceVersion "1"]
[SourceVersionDate "2020.10.23"]
[SourceQuality "1"]

1. Nf3 Nf6 2. g3 g6 3. Bg2 Bg7 4. d4 d5 5. 0-0 c6 6. a4 0-0 7. a5 a6 8. Nc3 Bg4 9. h3 Bd7 10. Re1 Re8 11. e4 dxe4 12. Nxe4 Bf5 13. Nc5 Qc7 14. c3 Nbd7 15. Bf4 Qc8 16. g4 Nxc5 17. dxc5 Be6 18. Nd4 Bd5 19. Qd2 Bxg2 20. Kxg2 e6 21. Bd6 Bf8 22. Qf4 Nd5 23. Qg3 Bxd6 24. cxd6 Qd7 25. c4 Nf6 26. c5 h6 27. Nf3 Nd5 28. Ne5 Kg7 29. Nxd7 1-0

[Event "GER Cup Net V2 U2000"]
[Site "Playchess.com INT"]
[Date "2020.05.22"]
[Round "6"]
[White "Schulz, Bernd"]
[Black "Wall, Viktor"]
[Result "1-0"]
[WhiteElo "1691"]
[BlackElo "1560"]
[PlyCount "55"]
[EventDate "2020.05.22"]
[EventType "swiss (blitz)"]
[EventRounds "9"]
[EventCountry "GER"]
[SourceTitle "EXT 2021"]
[Source "ChessBase"]
[SourceDate "2020.10.23"]
[SourceVersion "1"]
[SourceVersionDate "2020.10.23"]
[SourceQuality "1"]

1. e4 c5 2. c3 d6 3. d4 cxd4 4. cxd4 g6 5. f4 Bg7 6. e5 Bf5 7. Nf3 Nd7 8. Bd3 Nh6 9. 0-0 0-0 10. Nc3 Bxd3 11. Qxd3 dxe5 12. dxe5 Nxe5 13. Nxe5 Bxe5 14. Qxd8 Rfxd8 15. fxe5 Nf5 16. Rd1 Nd4 17. Kf2 Nc2 18. Rxd8+ Rxd8 19. Rb1 Rd4 20. Be3 Nxe3 21. Kxe3 Rg4 22. g3 Rc4 23. Rd1 b6 24. Rd7 a5 25. Rxe7 Kf8 26. Rb7 Rc6 27. Kd4 h5 28. h4 1-0

[Event "GER Cup Net V1 U2000"]
[Site "Playchess.com INT"]
[Date "2020.05.19"]
[Round "8"]
[White "Schulz, Bernd"]
[Black "Pohle, Saskia"]
[Result "1-0"]
[WhiteElo "1626"]
[BlackElo "1512"]
[PlyCount "37"]
[EventDate "2020.05.19"]
[EventType "swiss (blitz)"]
[EventRounds "9"]
[EventCountry "GER"]
[SourceTitle "EXT 2021"]
[Source "ChessBase"]
[SourceDate "2020.10.23"]
[SourceVersion "1"]
[SourceVersionDate "2020.10.23"]
[SourceQuality "1"]

1. e4 e5 2. Nf3 Nc6 3. Bc4 Nf6 4. d3 Be7 5. Nc3 0-0 6. h3 d6 7. Be3 Na5 8. Bb3 Nxb3 9. axb3 Be6 10. d4 exd4 11. Nxd4 Bd7 12. 0-0 d5 13. exd5 Bb4 14. Bg5 h6 15. Bh4 Bxc3 16. bxc3 g5 17. Bg3 Nxd5 18. c4 Nc3 19. Qd3 1-0

[Event "GER-ch Net Amateur Gr-B Vor3"]
[Site "Playchess.com INT"]
[Date "2020.04.16"]
[Round "4"]
[White "Schulz, Bernd"]
[Black "Brunauer, Simon"]
[Result "0-1"]
[WhiteElo "1663"]
[BlackElo "1495"]
[PlyCount "64"]
[EventDate "2020.04.16"]
[EventType "swiss (blitz)"]
[EventRounds "9"]
[EventCountry "GER"]
[SourceTitle "CBM 195 Extra"]
[Source "ChessBase"]
[SourceDate "2020.05.31"]
[SourceVersion "1"]
[SourceVersionDate "2020.05.31"]
[SourceQuality "1"]

1. e4 e5 2. Nf3 Nc6 3. Bc4 Bc5 4. c3 d6 5. h3 Nf6 6. d4 exd4 7. cxd4 Bb4+ 8. Nc3 Bxc3+ 9. bxc3 Nxe4 10. 0-0 0-0 11. Qc2 d5 12. Bd3 f5 13. c4 Be6 14. cxd5 Bxd5 15. Re1 Nb4 16. Qd1 Nxd3 17. Qxd3 Re8 18. Ne5 Qd6 19. f4 Qf6 20. a4 Qh4 21. Ba3 Qf2+ 22. Kh2 Ng5 23. Qg3 Qxg3+ 24. Kxg3 Ne4+ 25. Kh2 Re6 26. Rab1 b6 27. a5 Rae8 28. Re3 Nd6 29. Bxd6 cxd6 30. axb6 axb6 31. Rxb6 dxe5 32. fxe5 Rxb6 0-1